00623 2200241 4500001002100000005001500021035002000036007000300056008004100059020001800100082001200118084001800130100002400148245005600172250001100228260004400239300002600283650001800309990001300327990001400340990001400354990001300368INLIS00000000000031520220421011209 a0010-0917000301ta220421 g 0 ind  a979-514-137-6 a297.911 a297.911 MAH i0 aMahmudunnasir, Syeh1 aIslam Konsepsi dan Sejarahnya /cSyeh Mahmudunnasir aCet. 4 aBandung :bPT. Remaja Rosdakarya,c2005 a481 hlm ;c15 x 24 cm 4aIslam Sejarah a1071 544 a1071 544a a1071 544a a1071 544